000
00273nam a2200097Ia 4500
001
641678
005
20250826153512.0
008
250824s9999 xx 000 0 und d
245
0
_a
DENİZ ALTINDA 20 BİN FERSAH GENÇLİK KLASİKLERİ
_c
JULES VERNE
260
_b
TİMAŞ ÇOCUK
999
_c
641678
_d
641678